| 000 | 00849nac a22002051u 4500 | ||
|---|---|---|---|
| 008 | 100906t xxu||||| |||| 00| 0 eng d | ||
| 010 | _a 84020128 | ||
| 020 | _a0070540209 : | ||
| 082 | 0 | 0 |
_a621.815 _bMEC |
| 100 |
_a20080729 _918062 |
||
| 245 | 0 | 0 |
_aMechanical Design and Systems Handbook / _cHarold A. Rothbart, editor in chief. |
| 250 | _a2nd ed. | ||
| 260 |
_aNew York : _bMcGraw-Hill, _cc1985. |
||
| 300 |
_a1 v. (various pagings) : _bill. ; _c24 cm. |
||
| 504 | _aIncludes bibliographies and index. | ||
| 650 | 0 |
_aMachine design _xHandbooks, manuals, etc. _918063 |
|
| 700 | 1 |
_aRothbart, Harold A. _918064 |
|
| 942 |
_cBB _k621.815MEC _2ddc |
||
| 999 |
_c3831 _d3831 |
||